Fait ou idée reçue? #1 - Statistiques

Statistiques générales
  • Ce quiz a été pris 49 704 fois
  • Le résultat moyen est 9 sur 15
Statistiques - réponses
Question Réponse % Correct
Christophe Colomb a été en Amérique en 1492 alors qu'il pensait aller en Inde Fait
93%
Dans le cadre du don du sang, une personne de groupe sanguin O- est donneur universel Fait
85%
Il y a plus de moutons que d'habitants en Nouvelle-Zélande Fait
82%
Les manchots ne peuvent pas voler Fait
75%
Le poisson rouge a une mémoire d'à peine quelques secondes Idée reçue
68%
Les oiseaux sont des dinosaures Fait
64%
La Grande Muraille de Chine est visible depuis la Lune Idée reçue
61%
Ajouter de l'huile aux pâtes pendant la cuisson permet qu'elles ne collent pas Idée reçue
60%
Marie-Antoinette a déclaré : "S'ils n'ont pas de pain, qu'ils mangent de la brioche !" Idée reçue
56%
Le citron est plus sucré que la fraise Fait
54%
Les cheveux et les ongles continuent de pousser après la mort Idée reçue
52%
La langue est le muscle le plus puissant du corps humain Idée reçue
37%
Le couteau suisse est une invention suisse Fait
34%
Coca-Cola est à l'origine de la couleur rouge des habits du père Noël Idée reçue
31%
Voltaire a déclaré : "Je ne suis pas d'accord avec ce que vous dites mais je me battrai jusqu'à la mort pour que vous ayez le droit de le dire" Idée reçue
27%
Aucun quiz correspondant
Distribution des résultats
% des personnes avec chaque résultat
Percentile par nombre de réponses
Votre historique - résultats
Vous n’avez pas pris ce quiz